000
00244 a2200097 4500
001
34249
100
_a
Long, Sally
245
_a
Favourite Tales The Emperor's New Clothes
260
_a
Loughborough UK
_b
Ladybird Books
_c
090
_c
22660
_d
22660
942
_a
NUST-CAE
_c
M
_c
14070
999
_c
269322
_d
269322